中国各民族比例最高的地级行政区 - Statistics

General Stats
  • This quiz has been taken 76 times
  • The average score is 37 of 55
Answer Stats
民族 省级 地级 比例 % Correct
回族 宁夏 吴忠 51.69%
91%
满族 河北 承德 38.15%
91%
朝鲜族 吉林 延边 32.45%
91%
壮族 广西 崇左 87.61%
86%
苗族 贵州 黔东南 41.57%
86%
彝族 四川 凉山 49.13%
86%
藏族 西藏 那曲 96.77%
86%
土家族 湖南 张家界 66.80%
83%
白族 云南 大理 32.19%
83%
维吾尔族 新疆 和田 96.22%
82%
侗族 贵州 黔东南 29.02%
82%
布依族 贵州 黔南 31.22%
82%
羌族 四川 阿坝 17.58%
82%
汉族 四川 巴中 99.99%
80%
蒙古族 内蒙古 通辽 45.91%
79%
畲族 福建 宁德 5.48%
79%
傈僳族 云南 怒江 48.21%
77%
土族 青海 海东 8.23%
77%
傣族 云南 德宏 28.88%
76%
东乡族 甘肃 临夏 25.99%
76%
哈萨克族 新疆 阿勒泰 54.39%
73%
仡佬族 贵州 遵义 4.86%
73%
怒族 云南 怒江 5.71%
73%
鄂温克族 内蒙古 呼伦贝尔 0.98%
73%
达斡尔族 内蒙古 呼伦贝尔 2.71%
70%
水族 贵州 黔南 8.35%
68%
柯尔克孜族 新疆 克孜勒苏 27.32%
68%
瑶族 广西 贺州 12.29%
67%
纳西族 云南 丽江 19.33%
67%
哈尼族 云南 西双版纳 19.01%
65%
黎族 海南 三亚 30.60%
65%
撒拉族 青海 海东 6.42%
65%
京族 广西 防城港 2.40%
64%
门巴族 西藏 林芝 4.55%
64%
鄂伦春族 黑龙江 大兴安岭 0.21%
64%
拉祜族 云南 普洱 11.95%
61%
佤族 云南 临沧 9.68%
61%
景颇族 云南 德宏 11.09%
61%
塔吉克族 新疆 克孜勒苏 1.06%
61%
仫佬族 广西 河池 3.73%
59%
保安族 甘肃 临夏 0.92%
59%
独龙族 云南 怒江 1.08%
59%
珞巴族 西藏 林芝 1.68%
59%
俄罗斯族 新疆 塔城 0.21%
56%
赫哲族 黑龙江 佳木斯 0.09%
56%
毛南族 广西 河池 1.74%
53%
锡伯族 新疆 伊犁 1.05%
52%
裕固族 甘肃 张掖 0.85%
52%
乌孜别克族 新疆 伊犁 0.16%
50%
普米族 云南 怒江 3.25%
44%
德昂族 云南 德宏 1.19%
44%
布朗族 云南 西双版纳 4.19%
42%
基诺族 云南 西双版纳 1.95%
42%
阿昌族 云南 德宏 2.51%
39%
塔塔尔族 新疆 阿勒泰 0.09%
36%
No matching quizzes found
Score Distribution
Percent of People with Each Score
Percentile by Number Answered
Your Score History
You have not taken this quiz